Tajné princezny - Neposlušné štěně
Saved in:
| Main Author | |
|---|---|
| Format | Electronic eBook |
| Language | Czech |
| Published |
Bambook
2026
|
| Edition | 1. elektronické vydání |
| Subjects | |
| Online Access | Dostupné v BOOKPORT po přihlášení pomocí eduID |
| ISBN | 978-80-271-8471-2 978-80-271-5092-2 |
| Physical Description | 1 online zdroj (200 stran) |
| LEADER | 00000nam a2200000 i 4500 | ||
|---|---|---|---|
| 001 | bkp13817 | ||
| 003 | CZ-prgp | ||
| 005 | 20260407112622.0 | ||
| 006 | m o d | ||
| 007 | cr cn | ||
| 008 | 260407s2026 xr o 000 0 cze | ||
| 020 | |a 978-80-271-8471-2 |c 254 Kč |q (online ; pdf) | ||
| 020 | |a 978-80-271-5092-2 |c 304 Kč |q (print) | ||
| 040 | |a Grada |b cze |e rda | ||
| 100 | 1 | |a Banksová, Rosie | |
| 245 | 1 | 0 | |a Tajné princezny - Neposlušné štěně |c Rosie Banksová |
| 250 | |a 1. elektronické vydání | ||
| 264 | 1 | |b Bambook |c 2026 | |
| 300 | |a 1 online zdroj (200 stran) | ||
| 336 | |a text |b txt |2 rdacontent | ||
| 337 | |a počítač |b c |2 rdamedia | ||
| 338 | |a online zdroj |b cr |2 rdacarrier | ||
| 520 | 3 | |a Nerozlučné kamarádky a tajné princezny Šarlota a Mia se vydávají splnit další přání - pomoct Erice a jejímu rozpustilému štěňátku Benovi uspět u zkoušky poslušnosti. Jenže do všeho se plete zlomyslná princezna Jedoslava! Dokážou dívky zvládnout neposlušné štěně i čelit kouzelným nástrahám? | |
| 650 | 0 | 4 | |a Dobrodružství, napětí, fantasy |
| 650 | 0 | 4 | |a Příběhy, deníky |
| 856 | 4 | 0 | |u https://www.bookport.cz/AccountSaml/SignIn/?idp=https://shibboleth.utb.cz/idp/shibboleth&returnUrl=/kniha/tajne-princezny-neposlusne-stene-15924/ |y Dostupné v BOOKPORT po přihlášení pomocí eduID |